أصول القانون الدولي والعلاقات الدولية عند الإمام الشيباني / (Record no. 23490)
[ view plain ]
| 000 -الفاتح | |
|---|---|
| حقل البيانات ثابتة الطول | 01120nam a22002655a 4500 |
| 003 - محدد رقم الضبط | |
| رقم الضبط | OSt |
| 005 - وقت وتاريخ اخر تعامل مع التسجيلة | |
| رقم الضبط | 20161207111645.0 |
| 008 - عناصر البيانات ثابتة الطول - معلومات عامة | |
| حقل البيانات ثابتة الطول | 161207s1998 ua frb 000 0 ara d |
| 040 ## - مصدر الفهرسة | |
| وكالة الفهرسة الأصلية | EG-ScBUE |
| لغة الفهرسة | ara |
| وكالة النسخ | EG-ScBUE |
| 082 04 - رقم تصنيف ديوى العشرى | |
| رقم التصنيف | 341 |
| رقم المادة | أ ب و |
| رقم الطبعة | 22 |
| 100 1# - المدخل الرئيسى - إسم شخصى | |
| الإسم الشخصى | أبو الوفا، أحمد. |
| 245 10 - بيان العنوان | |
| العنوان | أصول القانون الدولي والعلاقات الدولية عند الإمام الشيباني / |
| بيان المسئوليه,etc | أحمد أبو الوفا. |
| 260 ## - PUBLICATION, DISTRIBUTION, ETC. (IMPRINT) | |
| مكان الناشر او الموزع | القاهرة : |
| اسم الناشر او الموزع | دار النهضة العربية، |
| تاريخ النشر أو التوزيع | 1998. |
| 300 ## - الوصف المادى | |
| التعداد | 222 ص. ؛ |
| أبعاد الوعاء | 24 سم. |
| 504 ## - تبصرة ببليوجرافية | |
| تبصرة ببليوجرافية,الخ | يشتمل على إرجاعات ببليوجرافية. |
| 600 1# - المدخل الاضافى بالموضوع-اسم شخصى | |
| الإسم الشخصى | الشيباني، محمد بن الحسن، |
| التواريخ المصاحبة للاسم | 131-189 هـ. |
| عنوان العمل | السير الكبير. |
| 650 #7 - المدخل الاضافى بالموضوع-مصطلح موضوعى | |
| مصطلح موضوعي أو اسم جغرافي كعنصر مدخل | القانون الدولي. |
| مصدر الرأس أو المصطلح | BUEsh |
| 650 #7 - المدخل الاضافى بالموضوع-مصطلح موضوعى | |
| مصطلح موضوعي أو اسم جغرافي كعنصر مدخل | العلاقات الدولية. |
| مصدر الرأس أو المصطلح | BUEsh |
| 9 (RLIN) | 17652 |
| 650 #7 - المدخل الاضافى بالموضوع-مصطلح موضوعى | |
| مصطلح موضوعي أو اسم جغرافي كعنصر مدخل | الجهاد في الإسلام. |
| مصدر الرأس أو المصطلح | BUEsh |
| 651 ## - المدخل الاضافى بالموضوع - اسم جغرافى | |
| مصدر الرأس أو المصطلح | BUEsh |
| 653 ## - مصطلح تكشيفى غير مقيد | |
| Resource For college | Law |
| Arrived date list | December2016 |
| 700 12 - المدخل الاضافى - اسم شخصى | |
| الإسم الشخصى | الشيباني، محمد بن الحسن، |
| التواريخ المصاحبة للاسم | 131-189 هـ. |
| عنوان العمل | السير الكبير. |
| 740 22 - المدخل الاضافى - عنوان مرتبط/تحليلى غير مقيد | |
| العنوان التحليلي/ الرابط غير مقيد | السير الكبير. |
| 942 ## - عناصر المدخل الإضافي( كوها) | |
| مصدر التصنيف او مخطط الترفيف | Dewey Decimal Classification |
| حالة التراجع | حالة الفقد | مصدر التصنيف او خطة الترفيف | حالة تلف | ليس للاعارة | مجموعات كوها | المكان الدائم | المكان الحالي | موقع الترفيف | تاريخ الاكتساب | Source of acquisition | سعر الشراء الطبيعي | تعداد مسلسل / التسلسل الزمني | رقم الاستدعاء | الباركود | Date last seen | التكلفة | نوع الوعاء | مُعار |
|---|---|---|---|---|---|---|---|---|---|---|---|---|---|---|---|---|---|---|
| Dewey Decimal Classification | دار النهضة العربية | Central Library | Central Library | First floor | 07/12/2016 | Purchase | 35.00 | 2815 | 341 أ ب و | 000040292 | 15/07/2025 | 43.75 | Book - Borrowing | |||||
| Dewey Decimal Classification | دار النهضة العربية | Central Library | Central Library | First floor | 07/12/2016 | Purchase | 35.00 | 2815 | 341 أ ب و | 000040293 | 15/07/2025 | 43.75 | Book - Borrowing | 12/12/2022 |